00908nam a2200205 i 450000100060000000300090000600500170001500700030003200800410003508000250007608000280010110000310012924502380016026000410039830000650043949000470050465100720055183000470062385200320067043660ES-MaACL20230906160844.0t|030318s1968 sp ||||1| spa d a946"1936/39"(093.32) a355.49"1936/39"(093.32)1 aCervera Valderrama, Juan.10aMemorias de guerra b: mi labor en el Estado Mayor de la Armada afecto al Cuartel General del Generalísimo durante la guerra de liberación nacional: (1936-1939) / cAlmirante Juan Cervera Valderrama , I Marqués de Casa-Cervera. aMadrid : bEditora Nacional, c1968. aXXXVI, 466 p., 17 lám. : b1 retr. aut., 1 map. ; c25 cm.1 aColección "Tierra. Historia. Política" 4aEspaña-xHistoria-y1936-1939, Guerra civil-vRelatos personales.0 aColección "Tierra. Historia. Política" aES-MaACLjC-34910 bR.66806